Przystanki autobusowe w Dąbrowie Górniczej - Statystyki

Ogólne statystyki
  • Ten quiz został rozwiązany 54 razy
    51 od ostatniego zresetowania
  • Średni wynik to 30 z 206
Statystyki odpowiedzi
Przystanki % Poprawnych
Reden
82%
Gołonóg Osiedle
68%
Dąbrowa Górnicza Centrum
62%
Gołonóg Dworzec PKP
56%
Mydlice Szpital
56%
Dąbrowa Górnicza Aleja Róż
53%
Reden Aleja Majakowskiego
53%
Tworzeń Huta Katowice
53%
Mydlice Pętla
50%
Reden Komenda Policji
50%
Dąbrowa Górnicza Dworzec PKP
44%
Dąbrowa Górnicza Fabryka Pełna Życia
44%
Gołonóg Manhattan
44%
Reden Centrum Administracyjne
41%
Gołonóg 11 Listopada
38%
Tucznawa Remiza
38%
Gołonóg Centrum
35%
Gołonóg Zajezdnia
35%
Mydlice Grynia
35%
Reden Wojska Polskiego
35%
Ząbkowice Dworzec PKP
35%
Ząbkowice Osiedle Młodych Hutników
35%
Gołonóg Kosmonautów
32%
Gołonóg Zakład Energetyczny
32%
Kazdębie
32%
Łosień Szkoła
32%
Ząbkowice Dom Kultury
32%
Błędów Zagórze
29%
Dąbrowa Górnicza Liceum Żeromskiego
29%
Dąbrowa Górnicza Urząd Pracy
29%
Korzeniec
29%
Ratanice
29%
Reden Korczaka
29%
Sikorka Dworzec PKP
29%
Ząbkowice Centrum
29%
Dąbrowa Górnicza Huta Bankowa
26%
Dąbrowa Górnicza Muzeum Sztygarka
26%
Kuźniczka Nowa
26%
Marianki
26%
Rudy
26%
Ząbkowice Kino Uciecha
26%
Gołonóg Aleja Piłsudskiego
24%
Gołonóg Osiedle Kasprzaka
24%
Grabocin Krzyż
24%
Mydlice Wolska
24%
Pogoria 3 Plaża
24%
Strzemieszyce Sulno
24%
Antoniów Spacerowa
21%
Błędów Szkoła
21%
Gołonóg Liceum Andersa
21%
Gołonóg Osiedle Spisaka
21%
Gołonóg Wiadukt S1
21%
Reden Osiedle Mickiewicza
21%
Strzemieszyce Dworzec Północny
21%
Strzemieszyce Małe
21%
Tucznawa Bugaj
21%
Tucznawa Strefa Ekonomiczna
21%
Tworzeń Szkoła
21%
Ząbkowice Willowa
21%
Dąbrowa Górnicza Konopnickiej
18%
Gołonóg Aleja Piłsudskiego Szkoła
18%
Gołonóg Młodych
18%
Gołonóg Podlesie
18%
Gołonóg Wzgórze Gołonoskie
18%
Łęka Kościół
18%
Łęknice Pogoria III
18%
Mydlice Ludowa
18%
Mydlice Mireckiego
18%
Rudy Las
18%
Ujejsce Skrzyżowanie
18%
Wypaleniska
18%
Ząbkowice Aleja Zwycięstwa
18%
Ząbkowice Stadion
18%
Antoniów Skrzyżowanie
15%
Dąbrowa Górnicza Liceum Zamojskiego
15%
Gołonóg Aleja Zagłębia Dąbrowskiego
15%
Gołonóg Laski
15%
Kazdębie Strefa Ekonomiczna
15%
Okradzionów Skrzyżowanie
15%
Pogoria 1 Droga do plaży
15%
Sikorka Pętla
15%
Strzemieszyce Kościół
15%
Błędów Kościół
12%
Dąbrowa Górnicza Dziewiąty
12%
Dąbrowa Górnicza Trzydziesty
12%
Gołonóg Kościół na Wzgórzu
12%
Gołonóg Morcinka
12%
Gołonóg św Antoniego
12%
Sikorka Wilgowa
12%
Strzemieszyce Dworzec Południowy
12%
Strzemieszyce Krzyż
12%
Tucznawa Gilowa
12%
Wypaleniska Skrzyżowanie
12%
Antoniów Konstytucji
9%
Błędów LZS Tęcza
9%
Dąbrowa Górnicza Jaworowa
9%
Dąbrowa Górnicza Wodociągi
9%
Gołonóg Swobodna
9%
Gołonóg Wczasowa
9%
Kazdębie Brama
9%
Kolonia Piekło Pogoria III
9%
Korzeniec Pogoria III
9%
Kuźnica Błędowska
9%
Łazy Błędowskie Niegowonicka
9%
Łęknice Parkowa
9%
Łęknice Zakładowa
9%
Łosień Cmentarz
9%
Łosień Szkoła Policyjna
9%
Łosień Ząbkowicka
9%
Okradzionów Białej Przemszy
9%
Park Zielona Centrum Sportu
9%
Park Zielona Las
9%
Pogoria 1 Żeglarska
9%
Sikorka Skład Opałowy
9%
Staszic Świerkowa
9%
Staszic Ziemby
9%
Strzemieszyce Jamki
9%
Strzemieszyce Stacyjna
9%
Tucznawa Smardz
9%
Tworzeń Budowlanych
9%
Ząbkowice Rapackiego
9%
Ząbkowice Remiza
9%
Błędów Sztorcowa
6%
Gołonóg Centralna Kuchnia
6%
Gołonóg Kościelna
6%
Grabocin Polna
6%
Kolonia Piekło Kostury
6%
Korzeniec Zielona
6%
Kuźniczka Nowa Skrzyżowanie
6%
Łazy Błędowskie Remiza
6%
Łęka Remiza
6%
Łosień Koksownicza
6%
Łosień Las
6%
Mydlice Szkoła
6%
Okradzionów Cmentarz
6%
Okradzionów Spółdzielnia
6%
Okradzionów Szkoła
6%
Ratanice Most
6%
Strzemieszyce Fabryka
6%
Strzemieszyce Małe Koksownia Przyjaźń
6%
Strzemieszyce Ordona Przejazd Kolejowy
6%
Strzemieszyce Rybna
6%
Trzebiesławice Kościół
6%
Tucznawa Droga do Sikorki
6%
Ujejsce Szkoła
6%
Ząbkowice Kusocińskiego
6%
Ząbkowice Rondo
6%
Ząbkowice Starosiedle
6%
Ząbkowice Wygiełzów
6%
Dąbrowa Górnicza Łącząca
3%
Dąbrowa Górnicza Limanowskiego Osiedle
3%
Gołonóg Szkoła Podstawowa nr 11
3%
Kolonia Piekło Przejazd Kolejowy
3%
Kuźniczka Las
3%
Łęka Przelotowa
3%
Łęknice Niemcewicza
3%
Łosień Poboczna
3%
Marianki Letnia
3%
Okradzionów Leśniczówka
3%
Park Zielona Krzyż Powstańczy
3%
Park Zielona Promenada
3%
Podłęknice
3%
Podwarpie Pętla
3%
Sikorka Pomłynie
3%
Strzemieszyce DK 94
3%
Strzemieszyce Grabocińska
3%
Strzemieszyce Małe Terminal
3%
Strzemieszyce Srocza Góra
3%
Strzemieszyce Zakawie
3%
Strzemieszyce Zakawie Kapliczka
3%
Trzebiesławice Glinianki
3%
Tworzeń Leśna
3%
Tworzeń Przejazd Kolejowy
3%
Tworzeń Zaplecze
3%
Ząbkowice Las
3%
Ząbkowice Związku Orła Białego
3%
Dąbrowa Górnicza Długosza
0%
Dąbrowa Górnicza Zawidzkiej
0%
Gołonóg Wzgórze Sanktuarium św Antoniego
0%
Grabocin Sosnowiecka
0%
Łęka Łaskowa Parking
0%
Łosień Gołonoska Skrzyżowanie
0%
Łosień Koksownicza Parking
0%
Łosień Łaskowa
0%
Łosień Łaskowa Skrzyżowanie
0%
Podbuczyny Cmentarz
0%
Pogoria 3 Graniczna
0%
Strzemieszyce Aleja Za Remizą
0%
Strzemieszyce Ciołkowizna
0%
Strzemieszyce Droga do Zakawia
0%
Strzemieszyce Mała Koksownicza
0%
Strzemieszyce Małe Spółdzielnia
0%
Strzemieszyce Narutowicza Przejazd Kolejowy
0%
Strzemieszyce Puszkina
0%
Strzemieszyce Rodzinna
0%
Strzemieszyce Składowa
0%
Strzemieszyce Szałasowizna
0%
Strzemieszyce Taśmiociąg
0%
Strzemieszyce Wywierzyska
0%
Trzebiesławice Gródki
0%
Trzebiesławice Modrzewiowa
0%
Trzebiesławice Zachodnia
0%
Tworzeń Roździeńskiego
0%
Ujejsce Kryniczna
0%
Ujejsce Wiadukt
0%
Ząbkowice Szosowa
0%
Nie znaleziono quizów pasujących do podanych kryteriów
Rozkład punktacji
Procent ludzi z każdym wynikiem
Percentyl według liczby udzielonych odpowiedzi
Twoja historia wyników
Nie rozwiązałeś tego quizu od ostatniego zresetowania